000 00351nam a22001577a 4500
003 MPLRDC
005 20220104113753.0
008 210129b ||||| |||| 00| 0 eng d
082 _a848.2 YLH v.2
100 _a於梨华
245 _a也是秋天
_c
260 _a
_b不详
_c
300 _b
650 _a现代别集
942 _cBK
_o848.2 YLH v.2
999 _c2224
_d2214